| 000 | 01075nam a22002657a 4500 | ||
|---|---|---|---|
| 001 | 8165 | ||
| 003 | FISKH | ||
| 005 | 20250829162518.0 | ||
| 008 | 250829b cb ||||| |||| 00| 0 eng d | ||
| 020 | _a9780763638986 | ||
| 040 |
_aFISKH _beng _cFISKH _dFISKH |
||
| 050 | _aPZ7 | ||
| 082 | _a823 | ||
| 100 | _aCaple, Kathy | ||
| 245 |
_aTermite taps / _cWritten and illustrated by Kathy Caple |
||
| 250 | _aFirst Edition 2009 | ||
| 260 |
_aMassachusetts : _bCandlewick Press , _c2009. |
||
| 300 |
_a8 unnumbered pages : _bcolor illustrations ; _c14 x20 cm . |
||
| 505 | _aC | ||
| 520 | _aTermite taps, Kazam's coins, The chase , Happy birthday, Rosa! , Monkey's loose tooth, Monkey eats worms, Piggy's sandwich, Hungry cat, Worm paints, Otter's picnic , Otter's apples, Termite helps, Monkey, watch out!, Happy birthday, Ethan's bike, Ethan's cat, Bump! Thump! Splat!, Tabby cat at night, Otter makes bubbles, Pop Pop Pop Pop Pop, look at me fly | ||
| 521 | 8 |
_a100
_bLexile estimate |
|
| 521 | 8 |
_aC
_bRaz-Plus |
|
| 942 |
_2ddc _cBK _n0 |
||
| 999 |
_c8165 _d8165 |
||